00903nam a22002657a 45000010005000000030006000050050017000110080041000280200018000690400029000870500019001160820008001351000023001432450088001662600037002543000049002914900028003405050008003685200119003765210020004955210020005156500034005356500038005697000030006078452FISKH20250912120853.0250912b cb ||||| |||| 00| 0 eng d a9780545477529 aFISKHbengcFISKHdFISKH a PZ7.R193975 B a390 aRau, Dana Meachen  aA box can be many things / cBy Dana Meachen Rau : Illustrated by Paige Billin-Frye aNew York : bScholastic ,c1997. a32 pages : bcolor illustrations ;c23 cm .  aRookie ReadersvLevel B aF  aA girl and her brother retrieve a large box from the garbage and pretend that it is a cave, car, house, and cage. 8 a300 bLexile 8 aF bRaz-Plus  aImaginationvChildren's Books aStorytime boxesvChildren's Books aBillin-FryeeIllustrator